|
|
|
|
| LEADER |
00000nab a2200000 a 4500 |
| 001 |
vtls001011130 |
| 003 |
SK-MaSNL |
| 005 |
20260303041829.0 |
| 008 |
040720e20020920xo 0 slo |
| 035 |
|
|
|a RV11730
|
| 040 |
|
|
|a RVGKPD
|b slo
|c RVGKPD
|e AACR2
|
| 041 |
0 |
|
|a slo
|
| 044 |
|
|
|a xo
|c SK
|
| 080 |
|
|
|a 327
|2 1981
|
| 100 |
0 |
|
|a (red.)
|4 aut
|9 941233
|
| 245 |
1 |
0 |
|a Rožňavu navštívil veľvyslanec EÚ
|
| 300 |
|
|
|b 1 foto
|
| 518 |
|
|
|a 11.09.2002
|
| 545 |
|
|
|a Linden, Eric van der
|b Veľvyslanec.
|
| 600 |
1 |
7 |
|a Linden, Eric van der
|2 RVGKPD
|9 856814
|
| 650 |
0 |
7 |
|a návštevy
|2 RVGKPD
|9 726269
|
| 651 |
|
7 |
|a Rožňava (Slovensko)
|2 RVGKPD
|9 17394
|
| 773 |
0 |
8 |
|t Rožňavské noviny=Rozsnyói Újság
|g Roč. 10, č.19, 20.9.2002, s. 1
|
| 852 |
|
|
|a ZVYKNI
|b KIS3GCP
|
| 999 |
|
|
|c 1689113
|d 1691043
|